| 000 -LEADER |
| fixed length control field |
00619nam a2200193Ia 4500 |
| 001 - CONTROL NUMBER |
| control field |
15034 |
| 003 - CONTROL NUMBER IDENTIFIER |
| control field |
GE_BSU |
| 005 - DATE AND TIME OF LATEST TRANSACTION |
| control field |
20220930172120.0 |
| 008 - FIXED-LENGTH DATA ELEMENTS--GENERAL INFORMATION |
| fixed length control field |
181216s1969||||ru |||||||||||||| ||rus|| |
| 040 ## - CATALOGING SOURCE |
| Transcribing agency |
GE_BSU |
| 080 ## - UNIVERSAL DECIMAL CLASSIFICATION NUMBER |
| Universal Decimal Classification number |
519.21(075.8) |
| 100 ## - MAIN ENTRY--PERSONAL NAME |
| Personal name |
Вентцель, Е. С. |
| 9 (RLIN) |
14942 |
| 245 ## - TITLE STATEMENT |
| Title |
Теория вероятностей / |
| Statement of responsibility, etc. |
Е. С. Вентцель, Л. А. Овчаров. |
| 264 ## - PRODUCTION, PUBLICATION, DISTRIBUTION, MANUFACTURE, AND COPYRIGHT NOTICE |
| Place of production, publication, distribution, manufacture |
Москва : |
| Name of producer, publisher, distributor, manufacturer |
Наука, |
| Date of production, publication, distribution, manufacture, or copyright notice |
1969. |
| 300 ## - PHYSICAL DESCRIPTION |
| Extent |
361 стр.; |
| Other physical details |
20 см. |
| 653 ## - INDEX TERM--UNCONTROLLED |
| keyword |
Теория вероятностей |
| 700 ## - ADDED ENTRY--PERSONAL NAME |
| Personal name |
Овчаров, Л.А. |
| Relator term |
ავტორი |
| 9 (RLIN) |
14943 |
| 942 ## - ADDED ENTRY ELEMENTS (KOHA) |
| Koha item type |
წიგნი |
| Source of classification or shelving scheme |
|